banner-ar

البرمجة بلغة البيسك: يتضمن قسم موسع لبيسك الحاسب الدقيق / (Record no. 52381)

MARC details
000 -الفاتح
حقل البيانات ثابتة الطول 00814nam a2200217Ia 4500
008 - عناصر البيانات ثابتة الطول - معلومات عامة
حقل البيانات ثابتة الطول 140319s9999 xx 000 0 ara d
040 ## - مصدر الفهرسة
وكالة الفهرسة الأصلية GCL /
وكالة النسخ GCL
082 04 - رقم تصنيف ديوى العشرى
رقم التصنيف 001.6424
رقم المادة ج ب
100 1# - المدخل الرئيسى - إسم شخصى
الإسم الشخصى جوتفريد، بايرون، س
245 10 - بيان العنوان
العنوان البرمجة بلغة البيسك: يتضمن قسم موسع لبيسك الحاسب الدقيق /
بيان المسئوليه,etc جوتفريد، بايرون، س
700 1# - المدخل الاضافى - اسم شخصى
الإسم الشخصى احمد عزيز كمال
700 1# - المدخل الاضافى - اسم شخصى
الإسم الشخصى ابتسام صديق ابو الخير
260 ## - PUBLICATION, DISTRIBUTION, ETC. (IMPRINT)
تاريخ النشر أو التوزيع 1991
300 ## - الوصف المادى
التعداد 445
490 ## - بيان السلسلة
عنوان السلسلة ملخصات شوم
رقم المجلد/ التعيين التسلسلي 0
650 04 - المدخل الاضافى بالموضوع-مصطلح موضوعى
مصطلح موضوعي الحاسبات الالكترونية
650 04 - المدخل الاضافى بالموضوع-مصطلح موضوعى
مصطلح موضوعي باسيك
650 04 - المدخل الاضافى بالموضوع-مصطلح موضوعى
مصطلح موضوعي برامج الحاسبات الالكترونية
942 ## - عناصر المدخل الإضافي( كوها)
مصدر التصنيف او مخطط الترفيف Dewey Decimal Classification
Koha [default] item type كتاب
260 ## - PUBLICATION, DISTRIBUTION, ETC. (IMPRINT)
-- [S.N] :
-- الدار الدولية للنشر والتوزيع ،
Holdings
حالة التراجع حالة الفقد حالة تلف ليس للاعارة المكان المؤقت الموقع الحالى تاريخ الاكتساب اجمالي اﻻعارات رقم الطلب الباركود تاريخ اخر مشاهدة تاريخ تفعيل السعر نوع وعاء كوها
        مكتبة القاهرة الكبرى مكتبة القاهرة الكبرى 03/26/2014   001.6424\ج ب 125357 03/26/2014 03/26/2014 كتاب

Powered By

EGPV